000 00389cam a22001337a 4500
008 180718b1970 xxu||||| |||| 00| 0 eng d
020 _a582 50709 x
082 _aB713x54 M263
100 _aMaddick, Henry
245 _aPanchayati raj: a study of Rural local government in India
_cby Henry Maddick
260 _aLondon
_bLongman
_c1970
300 _axiv, 402p
650 _aPanchayat - India.
999 _c408963
_d408963